IoT: Vývoj nabíjacej stanice pre elektromobily (EVSE)
Saved in:
| Main Author: | |
|---|---|
| Other Authors: | |
| Format: | Manuscript Book |
| Language: | Slovak |
| Published: |
Bratislava :
STU v Bratislave FEI,
2023
|
| Subjects: | |
| Online Access: | https://opac.crzp.sk/?fn=detailBiblioFormChildAB0H0&sid=52D5268610832158DEA39A036F77&seo=CRZP-detail-kniha |
| Tags: |
No Tags, Be the first to tag this record!
|
MARC
| LEADER | 00000ntm a22000003a 4500 | ||
|---|---|---|---|
| 001 | stuzp92220 | ||
| 003 | SK-STU | ||
| 005 | 20241121102732.3 | ||
| 007 | ta | ||
| 008 | 150427s2015----xo-----f-mn---000-0-slo-d | ||
| 040 | |a STU |b slo | ||
| 041 | 0 | |a slo | |
| 044 | |a xo | ||
| 100 | 1 | |a Mrekaj, Samuel |u 031000 |4 aut |U FEI Fakulta elektrotechniky a informatiky |T FEI Ústav robotiky a kybernetiky |X 98353 |U E011 |Y 356 |7 98353 | |
| 242 | 0 | 1 | |a IoT: Development of an Electric Vehicle Supply Equipment |y eng |
| 245 | 1 | 0 | |a IoT: Vývoj nabíjacej stanice pre elektromobily (EVSE) |
| 260 | |a Bratislava : |b STU v Bratislave FEI, |c 2023 | ||
| 300 | |a 52 s. | ||
| 650 | 4 | |a elektromobilita |2 slo | |
| 650 | 4 | |a EVSE |2 slo | |
| 650 | 4 | |a Arduino |2 slo | |
| 650 | 4 | |a IEC 62196-2 |2 slo | |
| 650 | 4 | |a EVSE |2 eng | |
| 650 | 4 | |a IEC 62196-2 |2 eng | |
| 650 | 4 | |a electromobility |2 eng | |
| 700 | 1 | |a Mrafko, Leo |u 031000 |k Z8 |4 ths |U FEI Fakulta elektrotechniky a informatiky |T FEI Ústav robotiky a kybernetiky |X 4972 |U E011 |Y 356 |7 A000004972 | |
| 856 | 4 | |u https://opac.crzp.sk/?fn=detailBiblioFormChildAB0H0&sid=52D5268610832158DEA39A036F77&seo=CRZP-detail-kniha | |